Top 50 de l'Année 1987 - Statistiques

Statistiques générales
  • Ce quiz a été pris 27 fois
  • Le résultat moyen est 18 sur 50
Statistiques - réponses
Artistes Chansons % Correct
12 GUESCH PATTI Etienne
85%
2 VANESSA PARADIS Joe le taxi
81%
32 CAROLINE LOEB C'est la ouate
78%
11 LOS LOBOS La bamba
78%
17 DESIRELESS Voyage voyage
67%
37 GERARD BLANC Une autre histoire
63%
6 FRANCE GALL Ella elle l'a
59%
33 FRANCE GALL Babacar
56%
8 STATUS QUO In the army now
56%
26 SUZANNE VEGA Luka
56%
4 MADONNA La isla bonita
52%
19 ELSA T'en vas pas
52%
43 BLUES TROTTOIR Un soir de pluie
48%
13 MICHAEL JACKSON Bad
44%
35 RITA MITSOUKO C'est comme ça
44%
16 GIPSY KINGS Bamboleo
41%
38 CORYNNE CHARBY Pile ou face
41%
5 TINA CHARLES I love to love
37%
47 GRAZIELLA DE MICHELE Le pull-over blanc
37%
27 KAZERO Thaï na na
37%
24 THE STRANGLERS Always the sun
33%
41 PET SHOP BOYS It's a sin
33%
22 PHILIPPE LAVIL & JOCELYNE BEROARD Kolé séré
33%
1 U2 With or without you
33%
9 RICK ASTLEY Never gonna give you up
30%
14 FRANCIS LALANNE On se retrouvera
30%
15 CARMEL Sally
30%
45 WHITNEY HOUSTON I wanna dance with somebody (who loves me)
26%
18 CHRIS REA Josephine
26%
25 JOHNNY CLEGG & SAVUKA Scatterlings of Africa
26%
30 MYLENE FARMER Tristana
26%
7 MADONNA Who's that girl
26%
46 ETIENNE DAHO Duel au soleil
22%
42 JEAN-JACQUES GOLDMAN Elle a fait un bébé toute seule
22%
23 VALLI The more I see you
22%
36 DAVID & JONATHAN Bella vita
19%
20 SPAGNA Call me
19%
3 OFF Electrica salsa
19%
44 SANDRA Everlasting love
19%
48 JOHNNY HALLYDAY Je te promets
19%
49 COCK ROBIN Just around the corner
19%
29 SAMANTHA FOX Nothing's gonna stop me now
19%
28 STARSHIP Nothing's gonna stop us now
19%
50 JEANNE MAS Sauvez-moi
19%
40 TERENCE TRENT D'ARBY Wishing well
15%
21 BOY GEORGE Everything I own
11%
34 MADONNA Open your heart
11%
10 MICHAEL JACKSON feat. SIEDAH GARRETT I just can't stop loving you
7%
31 PAUL SIMON You can call me Al
7%
39 PRINCE Sign o' the times
4%
Aucun quiz correspondant
Distribution des résultats
% des personnes avec chaque résultat
Percentile par nombre de réponses
Votre historique - résultats
Vous n’avez pas pris ce quiz